Que Más Pues REMIX - Sech, Justin Quiles, Lenny Tavárez, Maluma... - Estadísticas

Estadísticas generales
  • Esta prueba ha sido intentada 33 veces
  • La puntuación promedio es 424 de 700
Estadísticas de respuestas
Letra % Correcto
a
100%
A
100%
de
86%
en
86%
En
86%
la
86%
La
86%
más
86%
me
86%
no
86%
No
86%
pues
86%
qué
86%
que
86%
Qué
86%
Que
86%
si
86%
86%
Si
86%
ti
86%
y
86%
Y
86%
al
71%
aquí
71%
como
71%
cómo
71%
con
71%
es
71%
Es
71%
fue
71%
las
71%
nos
71%
pensando
71%
quedamos
71%
rico
71%
se
71%
71%
71%
Sigo
71%
Son
71%
Te
71%
te
71%
71%
71%
tu
71%
un
71%
una
71%
Una
71%
vamos
71%
yo
71%
Yo
71%
bebé
57%
bien
57%
Contigo
57%
cripy
57%
da
57%
Dame
57%
después
57%
Después
57%
dices
57%
doce
57%
el
57%
El
57%
eres
57%
fui
57%
garete
57%
hace
57%
haciéndolo
57%
happy
57%
lo
57%
mejor
57%
paso
57%
pasó
57%
quemamos
57%
sabes
57%
señal
57%
tiene
57%
ya
57%
Ya
57%
am
43%
Ay
43%
ay
43%
besé
43%
cam
43%
cama
43%
chimbita
43%
chocaba
43%
claros
43%
cuello
43%
desnuda
43%
desnudarte
43%
diciéndome
43%
Ella
43%
ella
43%
estás
43%
estoy
43%
hasta
43%
hicimos
43%
hippie
43%
hubiera
43%
le
43%
maltrátame
43%
mami
43%
Mami
43%
Medellín
43%
mi
43%
miedo
43%
morenita
43%
nunca
43%
oído
43%
ojos
43%
otra
43%
pared
43%
paro
43%
pensar
43%
pero
43%
Pero
43%
piel
43%
por
43%
quiere
43%
Quiere
43%
quita
43%
quitarte
43%
quité
43%
segunda
43%
soy
43%
Soy
43%
tus
43%
vas
43%
vez
43%
Victoria
43%
vuelta
43%
3
29%
abajo
29%
algo
29%
alguito
29%
allá
29%
amor
29%
Ando
29%
antoja
29%
aterricé
29%
Aún
29%
aunque
29%
baby
29%
Bebecita
29%
besarte
29%
beso
29%
bolsa
29%
cabeza
29%
caliente
29%
caliento
29%
cámara
29%
casa
29%
cereza
29%
cita
29%
comí
29%
conmigo
29%
consciente
29%
Consigue
29%
cree
29%
crema
29%
cuando
29%
cuidarme
29%
curiosidad
29%
daddy
29%
dañó
29%
debe
29%
debo
29%
decirte
29%
dejé
29%
desnudé
29%
doy
29%
enséñame
29%
Enséñame
29%
enseñe
29%
escribió
29%
ese
29%
eso
29%
excita
29%
facetime
29%
fácil
29%
fanático
29%
frente
29%
ganas
29%
gritos
29%
guayé
29%
gustó
29%
hacer
29%
hacerlo
29%
juro
29%
Justin
29%
lejitos
29%
lente
29%
línea
29%
llamé
29%
llegué
29%
llevé
29%
loquita
29%
loquito
29%
Medallo
29%
mente
29%
mesa
29%
Mezclar
29%
modela
29%
mojada
29%
mude
29%
mundo
29%
necesito
29%
niña
29%
nota
29%
para
29%
pensé
29%
perfume
29%
pide
29%
piscis
29%
pones
29%
Porque
29%
porque
29%
Pregunta
29%
preguntó
29%
primera
29%
próxima
29%
quedé
29%
quedó
29%
quieras
29%
Quiero
29%
Quiles
29%
rapidito
29%
ratito
29%
Rompimos
29%
ropa
29%
saber
29%
sea
29%
Sech
29%
ser
29%
Siempre
29%
siempre
29%
sigues
29%
Solo
29%
sube
29%
tengo
29%
terminamos
29%
todo
29%
todos
29%
tuve
29%
Viajando
29%
vio
29%
virar
29%
volverlo
29%
voy
29%
vuelo
29%
web
29%
buscando
14%
Dímelo
14%
encima
14%
estés
14%
is
14%
llevo
14%
prontito
14%
remix
14%
the
14%
this
14%
webcam
14%
corte
0%
Farru
0%
No se encontraron pruebas coincidentes
Distribución de puntuación
Porcentaje de gente con cada puntuación
Porcentaje por número respondido
Historial de tus puntuaciones
No has intentado esta prueba.